000 00283nam a22001217a 4500
008 180315b xxu||||| |||| 00| 0 eng d
041 _aeng
080 _25 ED
_a78
100 _a45
101 _aMUZ
245 _aA NEW APPROACH TO SIGHT SINGING
_cBERKOWITZ.S
942 _2udc
_cBK
999 _c45100
_d45100